رشید احمد صدیقی : (Record no. 108165)

MARC details
000 -LEADER
fixed length control field 00829nam a22002417a 4500
005 - DATE AND TIME OF LATEST TRANSACTION
control field 20170123162336.0
010 ## - LIBRARY OF CONGRESS CONTROL NUMBER
LC control number A-243718
020 ## - INTERNATIONAL STANDARD BOOK NUMBER
Terms of availability 40.00
035 ## - SYSTEM CONTROL NUMBER
System control number A-243718
037 ## - SOURCE OF ACQUISITION
Source of stock number/acquisition Cen Lib/Ret
040 ## - CATALOGING SOURCE
Original cataloging agency DPL
Language of cataloging UR
082 ## - DEWEY DECIMAL CLASSIFICATION NUMBER
Classification number 921
Item number ر ش ی
245 ## - TITLE STATEMENT
Title رشید احمد صدیقی :
Statement of responsibility, etc مرتبین اصغر عبّاس
Remainder of title اثار رو اقرار /
246 ## - VARYING FORM OF TITLE
Title proper/short title Rsheed AHmad Sidiqi : asar ro iqraar /
Remainder of title edited by Asghar Abbas
260 ## - PUBLICATION, DISTRIBUTION, ETC. (IMPRINT)
Name of publisher, distributor, etc شبہ اردو علیگڑھ مسلم یونیورسٹی
Place of publication, distribution, etc علیگڑھ
Date of publication, distribution, etc 1984
270 ## - ADDRESS
City علیگڑھ
300 ## - PHYSICAL DESCRIPTION
Extent 404p.
Dimensions 21cm(Hb)
650 ## - SUBJECT ADDED ENTRY--TOPICAL TERM
Topical term or geographic name as entry element ادب -- اردو
9 (RLIN) 124278
650 ## - SUBJECT ADDED ENTRY--TOPICAL TERM
Topical term or geographic name as entry element اردو سوانے عمری
9 (RLIN) 124279
650 ## - SUBJECT ADDED ENTRY--TOPICAL TERM
Topical term or geographic name as entry element Literature -- urdu
9 (RLIN) 124280
650 ## - SUBJECT ADDED ENTRY--TOPICAL TERM
Topical term or geographic name as entry element urdu biography
9 (RLIN) 511
942 ## - ADDED ENTRY ELEMENTS (KOHA)
Source of classification or shelving scheme Dewey Decimal Classification
Koha item type Urdu Bks
Classification part 921
Call number suffix ر ش ی
Holdings
Withdrawn status Lost status Damaged status Not for loan Home library Current library Date acquired Source of acquisition Cost, normal purchase price Total Checkouts Total Renewals Full call number Barcode Date last seen Date checked out Copy number Cost, replacement price Price effective from Koha item type
        Central Library Central Library 15/01/2016 Cen Lib/Ret 40.00 2 2 921 ر ش ی A-243718 16/10/2019 24/09/2019 1 40.00 15/01/2016 Urdu Bks

© Delhi Public Library
Hit Counter
free hit counter